Statistics for Two Letter Words A-Z

Click here to take the quiz!

General Stats

  • This quiz has been taken 128 times
    (54 since last reset)
  • The average score is 16 of 26

Answer Stats

hintword% Correct
Nno in Spanishno
91%
Ephone home!ET
86%
Bthe US's First DogBo
81%
REgyptian sun-godRa
81%
Pboy stuck on a boat with a tigerPi
79%
GsoldierGI
77%
Costeological elementCa
67%
Qlife forceqi
67%
JScottish sweetheartjo
65%
Isource of instinctive impulses in the mindid
63%
Omeditators' common mantraom
63%
Hriver in Chinese(河)
60%
Kspiritual part of a person that survives deathka
60%
Disland in Koreando
58%
Lethnic group from HainanLi
58%
YO come all __ faithfulye
58%
Mblues musician KebMo'
56%
Zzinc's chemical symbolZn
56%
V7 or 8 May 1945{VE} Day
53%
FFlorence's number plate prefixFI (Firenze)
49%
WThere is no "I" in __we
49%
SSlovenia's internet TLD.si
42%
ASouth American slothai
40%
Xlowercase is ξ; uppercase is Ξxi
40%
TTibetan caketu
35%
Uhome of YoopersUP
33%

Score Distribution

Percentile by Number Answered

Percent of People with Each Score

Your Score History

You have not taken this quiz since the last reset